Cartography in the age of geographic information science
Termín "kartografia", predmet kartografia. Termín "geografická informačná veda". Kartografia ako významné vydavateľské odvetvie. Geografické informačné systémy.
Enregistré dans:
| Auteur principal: | |
|---|---|
| Format: | Chapitre de livre |
| Langue: | anglais |
| Sujets: | |
| Tags: |
Pas de tags, Soyez le premier à ajouter un tag!
|
MARC
| LEADER | 00000naa$a2200000$$$4500 | ||
|---|---|---|---|
| 001 | 0005157 | ||
| 005 | 20230929084641.9 | ||
| 041 | 0 | |a eng | |
| 044 | |a SK | ||
| 245 | 1 | 0 | |a Cartography in the age of geographic information science |c aut. Michael Wood |
| 520 | |a Termín "kartografia", predmet kartografia. Termín "geografická informačná veda". Kartografia ako významné vydavateľské odvetvie. Geografické informačné systémy. | ||
| 610 | 2 | 0 | |a kartografia |
| 610 | 2 | 0 | |a veda |
| 610 | 2 | 0 | |a geografia |
| 100 | 1 | |a Wood, Michael | |